[Event "DVM U14 2014"]
[Site "Regensburg GER"]
[Date "2014.12.27"]
[Round "1"]
[White "Fuhrmann, Michel"]
[Black "Killgus, Leonard"]
[Result "0-1"]
[Termination "normal"]
[Board "9.1"]
[WhiteElo "1583"]
[BlackElo "1724"]
[WhiteTeam "Frankfurter TV 1860"]
[BlackTeam "SK Johanneum Eppendorf"]
[PlyCount "120"]
[WhiteFideId "12963887"]
[BlackFideId "12922021"]
[EventCountry "GER"]
[EventRounds "7"]
[EventType "team-swiss"]
[EventDate "2014.12.26"]

1. e4 c5 2. Nf3 e6 3. d4 cxd4 4. Nxd4 a6 5. Nc3 Qc7 6. Be2 Nf6 7. Be3 d6 8. O-O
b5 9. a3 Bb7 10. f3 Nbd7 11. Qd2 Be7 12. Rad1 O-O 13. Rfe1 d5 14. exd5 Nxd5 15.
Nxd5 Bxd5 16. Bf4 Qb6 17. Be3 Bc5 18. b4 Bxd4 19. Bxd4 Qc7 20. Qg5 f6 21. Qd2
Rfd8 22. Bd3 e5 23. Be3 Nf8 24. Bc5 Ne6 25. Be3 Bc4 26. Qe2 Bd5 27. Bf5 Bc4 28.
Bd3 Rac8 29. Bxc4 Qxc4 30. Qxc4 Rxc4 31. Rxd8+ Nxd8 32. Rd1 Nf7 33. Rd7 h6 34.
Ra7 Rc3 35. Bb6 Rxa3 36. Ba5 Ra1+ 37. Kf2 Ra2 38. Rxa6 Rxc2+ 39. Kg1 Rd2 40.
Rb6 Rd5 41. Rb8+ Kh7 42. Rb7 Ng5 43. Rb6 Kg6 44. Rc6 h5 45. Rc5 Rxc5 46. bxc5
Kf7 47. Kf2 Ke6 48. h4 Nh7 49. Ke3 Kd5 50. Bb6 Nf8 51. f4 Nd7 52. fxe5 fxe5 53.
g3 Nxb6 54. cxb6 Kc6 55. b7 Kxb7 56. Ke4 b4 57. Kxe5 b3 58. Kf5 b2 59. Kg5 b1=Q
60. Kxh5 Qf5# 0-1

[Event "DVM U14 2014"]
[Site "Regensburg GER"]
[Date "2014.12.27"]
[Round "1"]
[White "Keyser, Robin"]
[Black "Tessier, Leo"]
[Result "1-0"]
[Termination "normal"]
[Board "9.2"]
[WhiteElo "1752"]
[BlackElo "1346"]
[WhiteTeam "SK Johanneum Eppendorf"]
[BlackTeam "Frankfurter TV 1860"]
[PlyCount "91"]
[WhiteFideId "12986429"]
[BlackFideId "36034487"]
[EventCountry "GER"]
[EventRounds "7"]
[EventType "team-swiss"]
[EventDate "2014.12.26"]

1. d4 d5 2. Nf3 Nf6 3. c4 dxc4 4. e3 e6 5. Bxc4 c5 6. O-O Nc6 7. Qe2 cxd4 8.
Rd1 Bd6 9. Nxd4 Nxd4 10. Rxd4 Qc7 11. h3 O-O 12. Nc3 Bd7 13. Nb5 Bxb5 14. Bxb5
Nd5 15. Bd2 Be5 16. Rc4 Qb6 17. Rc2 Rac8 18. Rac1 Rxc2 19. Rxc2 h6 20. Qc4 a6
21. Ba4 Bxb2 22. e4 Nf6 23. Be3 Qa5 24. Rxb2 b5 25. Bxb5 axb5 26. Rxb5 Qa6 27.
a4 Rc8 28. Qb4 Ra8 29. Rb8+ Rxb8 30. Qxb8+ Kh7 31. Qb1 Qxa4 32. e5+ Qe4 33.
Qxe4+ Nxe4 34. f3 Nc3 35. Bd2 Nd5 36. h4 Kg6 37. Kf2 h5 38. g4 Nb6 39. Kg3 Nd5
40. f4 f6 41. gxh5+ Kxh5 42. f5 exf5 43. e6 Kg6 44. Bf4 Nc3 45. h5+ Kh7 46. e7
1-0

[Event "DVM U14 2014"]
[Site "Regensburg GER"]
[Date "2014.12.27"]
[Round "1"]
[White "Stankoski, Aleksandr"]
[Black "Keyser, Philipp"]
[Result "0-1"]
[Termination "normal"]
[Board "9.3"]
[WhiteElo "1197"]
[BlackElo "1643"]
[WhiteTeam "Frankfurter TV 1860"]
[BlackTeam "SK Johanneum Eppendorf"]
[PlyCount "52"]
[WhiteFideId "16200829"]
[BlackFideId "12986437"]
[EventCountry "GER"]
[EventRounds "7"]
[EventType "team-swiss"]
[EventDate "2014.12.26"]

1. e4 c5 2. Nf3 d6 3. Nc3 Nf6 4. d3 g6 5. Be3 Bg7 6. Qd2 O-O 7. g3 Nc6 8. Bg2
a6 9. O-O Qc7 10. Rfe1 e6 11. Rad1 Ng4 12. h3 Nxe3 13. Qxe3 Nd4 14. Rd2 Bd7 15.
Kf1 Bc6 16. Rde2 Nxe2 17. Rxe2 b5 18. d4 b4 19. Nd1 Bb5 20. c3 Bxe2+ 21. Kxe2
Rac8 22. Qd2 bxc3 23. Nxc3 cxd4 24. Nxd4 Qc4+ 25. Ke3 Rfe8 26. Bf3 Bh6# 0-1

[Event "DVM U14 2014"]
[Site "Regensburg GER"]
[Date "2014.12.27"]
[Round "1"]
[White "Neumann, Oskar"]
[Black "Tessier, Sarah"]
[Result "1-0"]
[Termination "normal"]
[Board "9.4"]
[WhiteElo "1457"]
[BlackElo "1104"]
[WhiteTeam "SK Johanneum Eppendorf"]
[BlackTeam "Frankfurter TV 1860"]
[PlyCount "125"]
[WhiteFideId "12974218"]
[BlackFideId "36034495"]
[EventCountry "GER"]
[EventRounds "7"]
[EventType "team-swiss"]
[EventDate "2014.12.26"]

1. e4 c5 2. Nf3 Nc6 3. d4 cxd4 4. Nxd4 e5 5. Nb5 Nf6 6. N1c3 Bc5 7. Nd6+ Bxd6
8. Qxd6 Qe7 9. Nb5 O-O 10. Bd3 a6 11. Qxe7 Nxe7 12. Nd6 Ne8 13. Nc4 Nc6 14. Bg5
b5 15. Nb6 Rb8 16. Nd5 Nd6 17. Ne7+ Kh8 18. Nxc6 dxc6 19. Be7 Re8 20. Bxd6 Rb7
21. O-O Bg4 22. f3 Bh5 23. Rad1 f6 24. Rd2 Rc8 25. Bc5 Rbb8 26. Rfd1 h6 27. Kf2
Re8 28. Be2 Bf7 29. a3 Kg8 30. Rd7 Be6 31. Ra7 Ra8 32. Rxa8 Rxa8 33. Rd6 Bf7
34. Rxc6 a5 35. Bxb5 Rb8 36. Bd3 Be8 37. Rb6 Rc8 38. b4 axb4 39. axb4 Kh7 40.
Rb7 Bc6 41. Rb6 Bd7 42. Bb5 Bxb5 43. Rxb5 Rd8 44. Ke2 Kg6 45. Be3 Rc8 46. Rc5
Rxc5 47. Bxc5 Kf7 48. b5 Ke6 49. b6 Kd7 50. Be3 Kc6 51. c4 h5 52. h4 g6 53. c5
f5 54. Kd3 Kb7 55. Kc4 Kc6 56. Bg5 Kd7 57. Kd5 Kc8 58. Kc6 Kb8 59. b7 Ka7 60.
Kc7 Ka6 61. b8=Q Ka5 62. Bd2+ Ka4 63. Qb4# 1-0

[Event "DVM U14 2014"]
[Site "Regensburg GER"]
[Date "2014.12.27"]
[Round "1"]
[White "Klein, Sebastian"]
[Black "Linnert, Niklas"]
[Result "1/2-1/2"]
[Termination "normal"]
[Board "10.2"]
[WhiteElo "1303"]
[BlackElo "1541"]
[WhiteTeam "SR Spaichingen"]
[BlackTeam "SK König Plauen"]
[PlyCount "50"]
[WhiteFideId "16200845"]
[BlackFideId "12974781"]
[EventCountry "GER"]
[EventRounds "7"]
[EventType "team-swiss"]
[EventDate "2014.12.26"]

1. c4 e5 2. Nc3 Nf6 3. g3 c6 4. Nf3 e4 5. Nd4 d5 6. cxd5 cxd5 7. d3 exd3 8.
Qxd3 Nc6 9. Bg5 Be7 10. Bg2 Be6 11. Nc2 Qa5 12. O-O O-O 13. Bxf6 Bxf6 14. Nxd5
Bxd5 15. Qxd5 Qa6 16. Qd3 Qxd3 17. exd3 Rad8 18. Rfd1 Rd7 19. Rab1 Rfd8 20. Bf1
Ne5 21. Ne1 b6 22. f4 Nc6 23. Nc2 Bd4+ 24. Kh1 Bf6 25. b3 Ne7 1/2-1/2

[Event "DVM U14 2014"]
[Site "Regensburg GER"]
[Date "2014.12.27"]
[Round "1"]
[White "Graf, Lucas"]
[Black "Molitor, Marwin"]
[Result "1-0"]
[Termination "normal"]
[Board "10.3"]
[WhiteElo "1523"]
[BlackElo "1175"]
[WhiteTeam "SK König Plauen"]
[BlackTeam "SR Spaichingen"]
[PlyCount "57"]
[WhiteFideId "12974889"]
[BlackFideId "16200853"]
[EventCountry "GER"]
[EventRounds "7"]
[EventType "team-swiss"]
[EventDate "2014.12.26"]

1. e4 e5 2. Nf3 Nc6 3. Bc4 Bc5 4. c3 Nf6 5. d4 exd4 6. cxd4 Bb4+ 7. Nc3 d6 8.
O-O O-O 9. Bg5 Bxc3 10. bxc3 Bg4 11. Qd3 Re8 12. Rad1 h6 13. Bh4 Rb8 14. Rfe1
a6 15. a4 a5 16. Bb5 Bd7 17. e5 dxe5 18. dxe5 Bg4 19. Qxd8 Rexd8 20. Rxd8+ Rxd8
21. exf6 gxf6 22. Bxc6 bxc6 23. Bxf6 Rc8 24. Rd1 Bxf3 25. gxf3 Re8 26. Rd8 Rxd8
27. Bxd8 Kf8 28. Bxc7 Ke7 29. Bxa5 1-0

[Event "DVM U14 2014"]
[Site "Regensburg GER"]
[Date "2014.12.27"]
[Round "1"]
[White "Zetto, Markus"]
[Black "Nguyen Dang, Lukas"]
[Result "0-1"]
[Termination "normal"]
[Board "10.4"]
[WhiteElo "1081"]
[BlackElo "1582"]
[WhiteTeam "SR Spaichingen"]
[BlackTeam "SK König Plauen"]
[PlyCount "46"]
[WhiteFideId "16200861"]
[BlackFideId "12957135"]
[EventCountry "GER"]
[EventRounds "7"]
[EventType "team-swiss"]
[EventDate "2014.12.26"]

1. e4 c5 2. Nf3 Nc6 3. Bc4 d6 4. Nc3 Nf6 5. d3 e6 6. Bf4 Be7 7. Qd2 a6 8. a4
O-O 9. O-O b6 10. h3 Bb7 11. d4 cxd4 12. Ne2 Nxe4 13. Qd3 Nc5 14. Qd2 Bf6 15.
Bg5 Ne4 16. Qf4 Nxg5 17. Rfd1 Nxf3+ 18. Qxf3 Na5 19. Qd3 Nxc4 20. Qxc4 Rc8 21.
Qb3 Qc7 22. Rac1 Qc6 23. Nxd4 Qxg2# 0-1